यशवंतराव चव्हाण विधिमंडळातील निवडक भाषणे खंड - 1 (Record no. 426651)

MARC details
000 -LEADER
fixed length control field 00791nam a2200169Ia 4500
008 - FIXED-LENGTH DATA ELEMENTS--GENERAL INFORMATION
fixed length control field 100122s9999 xx 000 0 und d
082 ## - DEWEY DECIMAL CLASSIFICATION NUMBER
Item number 47889
Classification number 808.5
100 ## - MAIN ENTRY--PERSONAL NAME
Personal name चव्हाण यशवंतराव
245 ## - TITLE STATEMENT
Title यशवंतराव चव्हाण विधिमंडळातील निवडक भाषणे खंड - 1
250 ## - EDITION STATEMENT
Edition statement 1
260 ## - PUBLICATION, DISTRIBUTION, ETC. (IMPRINT)
Name of publisher, distributor, etc पी.बी.पाटील
Date of publication, distribution, etc 1989
300 ## - PHYSICAL DESCRIPTION
Extent 311
630 ## - SUBJECT ADDED ENTRY--UNIFORM TITLE
Uniform title यशवंतराव चव्हाण विधिमंडळातील निवडक भाषणे खंड - 1
700 ## - ADDED ENTRY--PERSONAL NAME
Personal name खोबरेकर वि गो
730 ## - ADDED ENTRY--UNIFORM TITLE
Uniform title यशवंतराव चव्हाण विधिमंडळातील निवडक भाषणे खंड - 1
942 ## - ADDED ENTRY ELEMENTS (KOHA)
Koha item type Book
Holdings
Withdrawn status Lost status Damaged status Not for loan Home library Current library Date acquired Cost, normal purchase price Total Checkouts Full call number Barcode Date last seen Cost, replacement price Price effective from Koha item type Public note
        S.V. Pathak Library, Vile Parle S.V. Pathak Library, Vile Parle 06/05/1993 200.00   47889 SVPPARLE-47889 01/25/2010 200.00 01/25/2010 Book General NA